000 01336cam a2200325 4500
008 090401t1998 xxu||||| |||| 00| 0 eng d
020 _a0854069003
035 _a(Sirsi) u91836
041 _aeng
050 _a526.9
110 _aFederation International Des Geometres
245 _aXXI International Congress : developing the profession in a developing world (Brighton, 19-25 July 1998). Commission 4 : hydrography.
260 _aLondon
_bFIG
_c1998
300 _avi,246p. : ill. ; 21cm.
350 _a0
500 _aAlso held on CD-Rom.
520 _aPapers include Thirty years of hydrography and FIG./ J. CLARKE - Electronic charts./ R. MAY - The transition to production of charts by digital means for a major port./ J.D.PINDER - Recruitment and training needs in the offshore surveying environment./ G.T. JOHNSTON & R.V. NEWMAN - The implementation of GIS in the offshore oil and gas industry./ T. LAWRENCE, K. McLAY, P. LATOOIJ & S. PHILLIPS.
650 _aCOASTAL ZONE MANAGEMENT
650 _aCONFERENCES
650 _aELECTRONIC CHARTING
650 _aHYDROGRAPHIC SURVEYING
650 _aMARITIME BOUNDARIES
650 _aMULTIBEAM SOUNDING SYSTEMS
650 _aPORT OF LONDON
650 _aSEA LEVEL
650 _aSURVEYORS
690 _aLAND SURVEYING
942 _n0
948 _c08/03/1999
999 _c97675
_d97675